000 00719nam a2200265Ia 4500
005 20260302114037.0
008 008 260114s9999 xx 000 0 eng d
020 _a9781350471580
037 _aTextbook
040 _aCRL
040 _beng
040 _cCRL
041 _2eng
041 _aeng
084 _qCRL
100 _aThomas Caroll
_91117590
245 0 _aRethinking Philosophy of Religion with Wittgenstein Religious Diversities and Racism
260 _bBloomsbury
260 _bBloomsbury Academic
260 _c2025
650 _aPhilosophy
856 _uhttps://doi.org/10.5040/9781350471580?locatt=label:secondary_bloomsburyCollections
942 _cEBOOK
999 _c1681140
_d1681140